Регионална библиотека "Любен Каравелов" - Русе

Здравейте и доскоро (Запис номер 137092)

MARC детайли
000 -Лидер
Контролно поле с фиксирана дължина 01435nam a2200337 c 4500
003 - Код на организацията, давaща контролен номер
Контролно поле BLK
005 - Дата и час на последна редакция
Контролно поле 20240731062730.0
008 - Елементи от данни с фиксирана дължина
fixed length control field 180409b bul|||||r ||||||| ||bul||
010 ## - Наследен системен номер
LC control number KNG00143057000
040 ## - Източник на каталожния запис
Идентификатор на билиотеката - собственик на записа BLK
041 ## - Код за език
Код за езика на текст/звукозапис или на отделно заглавие Български
Код за езика КДБФ Български
072 #7 - Код за тематичната категория
Код организация bullib
Код за тематична категория Н84
Текст Българска художествена литература Н
080 ## - УДК
Текстов определител УДК Българска литература
УДК код - определител по УДК 821.163.2
УДК определител -1
УДК - код + определител 821.163.2-1
100 1# - Редна дума - Автор
Автор Мирчевска, Маруся
Авторска отговорност първи автор
R(LIN) 96916
139 ## - Редно поле
Редна дума Мирчевска, Маруся
Авторски знак Мир - М 68
245 10 - Сведения за заглавието
Заглавие Здравейте и доскоро
Подзаглавни данни Някога забранени стихове
Редно поле (дума) Маруся Мирчевска; худож. Светлин Русев.
250 ## - Област на изданието
Сведения за изданието 2. изд.
257 ## - Страна на издаване
Страна на създаване/издаване България
260 ## - Област на издателските данни
-- София
Име на издателя, разпространителя и проч. Стандарт
Година на издаване 2011
Печатница София : София
300 ## - Физическа характеристика
Страници 40 с.
Илюстрации и др. с ил.
Размери/Мащаб 21 см
380 ## - Жанр
Жанр Худож. лит.
500 ## - Общи забележки
Забележка Пълното име на ил. е Светлин Русев Вълчев. - Изд. на Лидери със сърце
659 ## - Тематичен бюлетин
Тематичен бюлетин Н
700 ## - Други автори (авторска отговорност)
Лично име Русев, Светлин
Пълна форма на името Вълчев, Светлин Русев
Дати, свързани с автора 1933-2018
Друга информация Български художник, общественик, академик в БАН
9 (RLIN) 381023
852 ## - Местоположение
Форматна сигнатура Цб 259456
856 4# - Електронен адрес и достъп
Електронен формат pdf - файл
Път до файла /url/
856 4# - Електронен адрес и достъп
Електронен формат pdf - файл
Път до файла /url/
942 ## - АРТИКУЛИ
Вид на библиотечния материал Книги
Скрит в OPAC Не
944 ## - СЪЗДАВАНЕ И РЕДАКЦИЯ на ЗАПИСА
Създаване/Редакция Създаване
Дата на регистрацията/редакция 23.05.2013
Служител, извършил регистрацията/редакцията 30550
Статус, дата на статуса Кети Илиева
944 ## - СЪЗДАВАНЕ И РЕДАКЦИЯ на ЗАПИСА
Създаване/Редакция Редакция
Дата на регистрацията/редакция 30.09.2013
Служител, извършил регистрацията/редакцията
999 ## - СИСТЕМНИ КОНТРОЛНИ НОМЕРА
Koha biblionumber 137092
Koha biblioitemnumber 137092
Наличности
Код за отписване Код за изгубен артикул Код за повреда Коз за рестрикции Код за отдаване Артикулен № Име на библиотеката - собственик Име на библиотеката, в която се намира в момента Статус (Текущо местоположение) Дата на вписване в системата Местоположение - отдел Цена в лева Инвентарен номер Систематично азбучна сигнатура Баркод Номер на екземпляра Цена в евро Служебна бележка Служебен тип на артикула
  Не е изгубен Не е повреден без рестрикции ползва се в читалня 224218 Регионална библиотека "Любен Каравелов" Русе Регионална библиотека "Любен Каравелов" Русе Хранилище 2013-05-25 Хранилище 3.00 120000766126 Цб 259456 120000766126 1 1.53 Дост: Dp Вид: Д N: 4 Дата: 30.01.2012 Книги
Vip Innovations Ltd, Rousse, Bulgaria 2025